00486nam a2200181 a 4500001001300000003000900013005001700022008004100039020001300080082001300093100002300106245007000129260003900199300000800238500003500246505001000281650001300291nice12345678IN_TiNIC20260116012803.0050524s1977 phia grp 000 0 eng  ac146.2500a230bSTU aStuhlmacher, Peter aHistorical Criticism and Theological Interpretation of Scripture. aPhiladelphiabFortress Pressc1977 a93p aincludes index and biblioraphy2 aIndex aTheology